01122nam a2200325Ia 4500001000700000008004100007035001600048041000800064084001300072245013700085260002700222300002100249650001700270650002900287650003100316650004400347650005000391700004300441700003500484700003500519710003100554901000600585903000700591904000800598953003700606999001700643910000900660942001500669952011200684060715221003s2020 xx 000 0 spa d aCENDO_50135 aspa aCD-16923 0aDiversas, libres, nuestras :bvidas de mujeres LBT /c[Nadia Martín García y José A. M. Vela ; coordinación Raúl García] aMadrid :bCOGAM,c2020 a246p. ;c 21 cm aMUJERES9199 aORIENTACION SEXUAL96099 aIGUALDAD DE DERECHOS91832 aDISCRIMINACION POR RAZONES DE SEXO9201 aINTEGRACION DE LA PERSPECTIVA DE GENERO96471 aMARTIN GARCIA, Nadia,eed. lit.933788 aVELA, José,eed. lit.933789 aGARCIA, Raúl,ecoord.920815 aCOGAMcMadrid,eed.933790 a0 aNO a000 d2021-02-08yMONOGRAFIAoCD-16923 c50134d50134 a2020 cMONOGRAFIA 00104070aCENDObCENDOd2021-02-08l0oCD-16923pCENDO_50135r2022-10-05 00:00:00w2022-10-05yMONOGRAFIA